[Event "Stay Safe Play From Home 356"]
[Site "Emanuel Lasker Arena"]
[Date "2020.08.04"]
[Round "9"]
[White "UdayChandra"]
[Black "Little champs"]
[Result "0-1"]
[WhiteElo "1814"]
[BlackElo "2171"]
[Annotator "TA"]
[PlyCount "82"]
[EventDate "2020.08.04"]
[EventType "swiss (blitz)"]

{[%evp 15,81,-6,-16,-43,-26,-38,-10,-35,-14,-32,-10,-7,-4,-122,-118,-114,-112,-118,-114,-125,-91,-229,-208,-704,-727,-731,-721,-735,-661,-777,-721,-921,-795,-962,-748,-837,-831,-1128,-928,-971,-973,-991,-906,-912,-897,-1058,-713,-715,-672,-692,-637,-794,-784,-710,310,285,277,160,308,307,29991,339,29997,-5006,-3116,-29998,-29999,-29999]} 1. Nf3 e6 2. g3 d5 3. Bg2 c5 4. O-O Nc6 5. d3 Nf6 6. e4 Be7 7. e5 O-O 8. Qe2 Nd7 9. c3 {C00: French: Unusual White 2nd moves.} Qc7 {[%cal Rd7e5]} 10. Bf4 b6 {[#]} 11. Nbd2 $146 {The position is equal.} ({Predecessor:} 11. Re1 Bb7 12. Nbd2 Rfe8 13. h4 d4 14. cxd4 cxd4 15. Nb3 Bc5 16. Rac1 Qb8 17. a3 {1-0 (34) Kroulik,V (1351)-Bara,J (1245) Kouty nad Desnou 2019}) 11... Bb7 12. d4 cxd4 13. cxd4 a5 $36 {[%mdl 2048] White is under pressure.} 14. Rac1 (14. Rfc1 $11 {keeps the balance.}) 14... Ba6 $17 15. Qe3 Bxf1 16. Bxf1 Qb7 17. Bb5 Rac8 {Strongly threatening ...Nxd4!} 18. a3 (18. Rf1 $17 {was necessary.}) 18... Na7 $19 19. Bd3 $2 {[#]} (19. Rxc8 Qxc8 20. Qb3) 19... Rxc1+ 20. Kg2 Rfc8 21. h4 b5 {[%cal Bb6b5,Bb5b4][%mdl 32]} 22. h5 b4 23. h6 g6 24. Bg5 Nb6 25. Bxe7 Qxe7 26. Nh2 Nc4 27. Nxc4 R1xc4 28. Ng4 Nb5 29. Nf6+ Kh8 30. Qg5 Rxd4 31. Bxb5 bxa3 32. bxa3 Rd1 33. Bd7 Rd8 34. Ba4 d4 $4 {[%mdl 8192]} (34... Ra1 $19 {and life is good for Black.} 35. Nxh7 Qxg5 36. Nxg5 Rf8) 35. Bxd1 $18 d3 {[#]} 36. Qe3 ({White should try} 36. Nxh7 $1 $18 {[%mdl 512]} Qxg5 (36... Kxh7 37. Qxe7) 37. Nxg5) 36... d2 (36... Qxa3 $16 37. Qa7 Qf8) 37. Ne4 Qb7 $2 (37... Rd5 $18 38. a4 Qd8) 38. f3 $2 (38. Qg5 {mates} f6 39. Qxf6+ {[%mdl 64] Double Attack} Kg8 40. Qxd8+ {[%mdl 64] Double Attack} Kf7 41. Qf6+ Kg8 42. Bg4 Qxe4+ 43. Kh2 Qh1+ {[%mdl 64] Decoy} 44. Kxh1 d1=Q+ 45. Bxd1 g5 46. Qg7#) 38... Qb1 $2 (38... Qe7 $18 39. Nd6 Kg8 40. Qxd2 Rf8 41. Qxa5 Qg5) 39. Kh3 $4 {[%mdl 8192]} (39. Qg5 {avoids the disaster.} Rg8 40. Qf6+ {[%mdl 64] Double Attack} Rg7 41. Qxg7#) 39... Qxd1 $19 40. Qf4 Qh1+ 41. Kg4 Qh5# {Accuracy: White = 20%, Black = 56%.} 0-1

[Event "Stay Safe Play From Home 356"]
[Site "Emanuel Lasker Arena"]
[Date "2020.08.04"]
[Round "9"]
[White "Ao017545"]
[Black "Stepmaker"]
[Result "0-1"]
[WhiteElo "1693"]
[BlackElo "1401"]
[Annotator "NA RC"]
[PlyCount "70"]
[EventDate "2020.08.04"]
[EventType "swiss (blitz)"]

1. e4 {[%emt 0:00:01]} e6 {[%emt 0:00:01]} 2. Nf3 {[%emt 0:00:01]} g6 {[%emt 0:00:01]} 3. e5 {[%emt 0:00:02]} Bg7 {[%emt 0:00:00]} 4. d4 {[%emt 0:00:00]} f5 {[%emt 0:00:00]} 5. Bg5 {[%emt 0:00:03]} Ne7 {[%emt 0:00:03]} 6. Nc3 {[%emt 0:00:04]} O-O {[%emt 0:00:00]} 7. Bd3 {[%emt 0:00:02]} c6 {[%emt 0:00:01]} 8. h4 {[%emt 0:00:01]} b5 {[%emt 0:00:02]} 9. h5 {[%emt 0:00:04]} Qe8 {[%emt 0:00:01]} 10. h6 {[%emt 0:00:03]} Bh8 {[%emt 0:00:01]} 11. Nh4 {[%emt 0:00:02]} Nd5 {[%emt 0:00:02]} 12. Nxd5 {[%emt 0:00:03]} exd5 {[%emt 0:00:01]} 13. Qf3 {[%emt 0:00:02]} Qe6 {[%emt 0:00:01]} 14. b3 {[%emt 0:00:02]} Na6 {[%emt 0:00:02]} 15. a3 {[%emt 0:00:02]} Nc7 {[%emt 0:00:01]} 16. Rc1 {[%emt 0:00:03]} a5 {[%emt 0:00:00]} 17. c4 {[%emt 0:00:01]} bxc4 {[%emt 0:00:02]} 18. bxc4 {[%emt 0:00:00]} Ba6 {[%emt 0:00:04]} 19. cxd5 {[%emt 0:00:02]} Nxd5 {[%emt 0:00:01]} 20. Bxa6 {[%emt 0:00:01]} Rxa6 {[%emt 0:00:01]} 21. Qd3 {[%emt 0:00:01]} Rb6 {[%emt 0:00:01]} 22. Ke2 {[%emt 0:00:04]} Rfb8 {[%emt 0:00:01]} 23. Rc2 {[%emt 0:00:01]} Rb3 {[%emt 0:00:02]} 24. Qd2 {[%emt 0:00:03]} f4 {[%emt 0:00:01]} 25. Bxf4 {[%emt 0:00:04]} Qg4+ {[%emt 0:00:03]} 26. f3 {[%emt 0:00:01]} Qxf4 {[%emt 0:00:01]} 27. g3 {[%emt 0:00:03]} Qxd2+ {[%emt 0:00:02]} 28. Kxd2 {[%emt 0:00:00]} Rb2 {[%emt 0:00:06]} 29. f4 {[%emt 0:00:00]} Rxc2+ {[%emt 0:00:02]} 30. Kxc2 {[%emt 0:00:00]} Ne3+ {[%emt 0:00:01]} 31. Kd3 {[%emt 0:00:01]} Nf5 {[%emt 0:00:00]} 32. Ke4 {[%emt 0:00:00]} Rb3 {[%emt 0:00:01]} 33. Rh3 {[%emt 0:00:00] . . . . .} Rxg3 {[%emt 0:00:02]} 34. Nxf5 {[%emt 0:00:00]} Rxh3 {[%emt 0:00:02]} 35. Ne7+ {[%emt 0:00:00]} Kf7 {[%emt 0:00:01] Zaman Zaman Zaman Zaman Zaman (Lag: Av=0.44s, max=0.7s) (Lag: Av=0.44s, max=0.7s) (Lag: Av=0.44s, max=0.7s) (Lag: Av=0.44s, max=0.7s) (Lag: Av=0.44s, max=0.7s)} 0-1

[Event "Stay Safe Play From Home 356"]
[Site "Emanuel Lasker Arena"]
[Date "2020.08.04"]
[Round "9"]
[White "Trotsky"]
[Black "Lamborghini"]
[Result "0-1"]
[WhiteElo "1662"]
[BlackElo "2296"]
[Annotator "TA"]
[PlyCount "74"]
[EventDate "2020.08.04"]
[EventType "swiss (blitz)"]

{[%evp 9,74,-5,10,-42,0,0,8,13,9,0,31,-9,3,-190,-175,-167,-102,-171,-172,-162,-165,-215,-161,-176,-123,-141,-149,-143,-143,-206,-204,-204,-196,-202,-205,-239,-220,-221,-205,-241,-215,-464,-453,-445,-408,-420,-408,-416,-416,-1033,-981,-1035,-1038,-1494,-1415,-1401,-1380,-2026,-1518,-1491,-1496,-1716,-1574,-29981,-29982,-29987,-29988]} 1. d4 Nf6 2. e3 g6 3. c4 Bg7 4. Nc3 O-O 5. Bd3 d6 6. Qc2 {E61: King's Indian: Early deviations for White, including Smyslov System.} (6. e4 $11) 6... Nc6 7. a3 e5 8. d5 $1 {[%cal Rd5c6] The position is equal.} Ne7 9. Nf3 {[#]} Ne8 $146 ({Predecessor:} 9... Nh5 10. h3 f5 11. Nh2 Nf6 12. Bd2 c6 13. O-O-O cxd5 14. cxd5 Bd7 15. Kb1 Rc8 {0-1 (48) Bende,E-Lantos,L Hungary 1996}) 10. Ng5 h6 11. h4 $2 (11. Nf3 $11) 11... hxg5 $19 12. hxg5 Bf5 (12... c6 $19 {White must now prevent ...Nc7.} 13. f3 cxd5 14. cxd5 Bd7) 13. Bd2 (13. e4 $17 Bd7 14. f3) 13... Bxd3 14. Qxd3 f5 15. f3 c5 16. O-O-O Kf7 ({Black should play} 16... Qb6 $19 17. Rh3 Qb3) 17. e4 f4 18. Rh4 Rh8 19. Rdh1 (19. Rxh8 $17 Bxh8 20. Kb1) 19... Rxh4 20. Rxh4 Nc7 21. g3 fxg3 22. Rg4 Qd7 23. Rxg3 Rh8 24. Kc2 Rh2 25. f4 $2 (25. b3) 25... exf4 26. Rf3 Be5 27. Kb3 Qg4 {And now ...Rxd2! would win.} 28. Bxf4 Bxf4 29. e5 (29. Qf1 $142 Qxg5 30. Rxf4+ Ke8 31. Ka4) 29... dxe5 30. Ne4 Nf5 31. d6 {[#]} Qxf3 $1 {[%mdl 64] Deflection, Decoy} 32. Qxf3 Nd4+ {[%mdl 64] Double Attack} 33. Ka4 Nxf3 34. dxc7 Rh8 35. Nd6+ {[#]} Ke6 $1 36. c8=Q+ Rxc8 37. Nxc8 e4 {Accuracy: White = 39%, Black = 67%.} 0-1